000 00805cam a2200265 a 4500
001 000007760
005 20240306164224.0
008 760305s1983 sp 000 f spa d
020 _a8432200816
040 _aDO-SdBNP
_bspa
_cBNPHU
082 _aPe863.44
_bV297ci, 1983
100 1 _aVargas Llosa, Mario,
_d1936-
_912567
245 1 3 _aLa ciudad y los perros /
_cMario Vargas Llosa.
250 _a14 ed.
260 _aBarcelona :
_bSeix Barral,
_c1983.
300 _a394 p. ;
_c20 cm.
490 1 _aBiblioteca breve
_v182
590 _aPerteneció a la biblioteca personal de Juan Isidro Jimenes Grullón.
650 4 _aNovela peruana
_912569
650 4 _aLiteratura peruana
_93140
830 0 _aBiblioteca breve
_v182
_913442
910 _aCatalogación derivada
910 _aWM
049 _aBNGR
999 _c7538
_d7538